Flexible Fiscal Rules and Countercyclical Fiscal Policy /

This paper assesses the impact of different types of flexible fiscal rules on the procyclicality of fiscal policy with propensity scores-matching techniques, thus mitigating traditional self-selection problems. It finds that not all fiscal rules have the same impact: the design matters. Specifically...

Volledige beschrijving

Bibliografische gegevens
Hoofdauteur: Guerguil, Martine
Andere auteurs: Mandon, Pierre, Tapsoba, Rene
Formaat: Tijdschrift
Taal:English
Gepubliceerd in: Washington, D.C. : International Monetary Fund, 2016.
Reeks:IMF Working Papers; Working Paper ; No. 2016/008
Online toegang:Full text available on IMF
LEADER 02393cas a2200265 a 4500
001 AALejournalIMF016567
008 230101c9999 xx r poo 0 0eng d
020 |c 5.00 USD 
020 |z 9781513581460 
022 |a 1018-5941 
040 |a BD-DhAAL  |c BD-DhAAL 
100 1 |a Guerguil, Martine. 
245 1 0 |a Flexible Fiscal Rules and Countercyclical Fiscal Policy /  |c Martine Guerguil, Pierre Mandon, Rene Tapsoba. 
264 1 |a Washington, D.C. :  |b International Monetary Fund,  |c 2016. 
300 |a 1 online resource (47 pages) 
490 1 |a IMF Working Papers 
500 |a <strong>Off-Campus Access:</strong> No User ID or Password Required 
500 |a <strong>On-Campus Access:</strong> No User ID or Password Required 
506 |a Electronic access restricted to authorized BRAC University faculty, staff and students 
520 3 |a This paper assesses the impact of different types of flexible fiscal rules on the procyclicality of fiscal policy with propensity scores-matching techniques, thus mitigating traditional self-selection problems. It finds that not all fiscal rules have the same impact: the design matters. Specifically, investment-friendly rules reduce the procyclicality of both overall and investment spending. The effect appears stronger in bad times and when the rule is enacted at the national level. The introduction of escape clauses in fiscal rules does not seem to affect the cyclical stance of public spending. The inclusion of cyclical adjustment features in spending rules yields broadly similar results. The results are mixed for cyclically-adjusted budget balance rules: enacting the latter is associated with countercyclical movements in overall spending, but with procyclical changes in investment spending. Structural factors, such as past debt, the level of development, the volatility of terms of trade, natural resources endowment, government stability, and the legal enforcement and monitoring arrangements backing the rule also influence the link between fiscal rules and countercyclicality. The results are robust to a wide set of alternative specifications. 
538 |a Mode of access: Internet 
700 1 |a Mandon, Pierre. 
700 1 |a Tapsoba, Rene. 
830 0 |a IMF Working Papers; Working Paper ;  |v No. 2016/008 
856 4 0 |z Full text available on IMF  |u http://elibrary.imf.org/view/journals/001/2016/008/001.2016.issue-008-en.xml  |z IMF e-Library